Chansons de Calogero - Statistiques

Statistiques générales
  • Ce quiz a été pris 100 fois
    46 depuis la dernière actualisation
  • Le résultat moyen est 34 sur 117
Statistiques - réponses
Album Réponse % Correct
Calogero 1 En apesanteur
90%
Les Feux d'artifice 12 Les Feux d'artifice
88%
Pomme C 1 Pomme C
88%
Les Feux d'artifice 5 Le Portrait
83%
Calog3ro 1 Yalla
81%
Calog3ro 3 Face à la mer
79%
Liberté chérie 2 Je joue de la musique
76%
Les Feux d'artifice 2 Un jour au mauvais endroit
76%
Liberté chérie 3 1987
74%
Calog3ro 4 Si seulement je pouvais lui manquer
71%
A.M.O.U.R 1 A.M.O.U.R
69%
Liberté chérie 4 Julie
67%
L'Embellie 2 C'est dit
62%
Liberté chérie 1 Voler de nuit
62%
Liberté chérie 5 Fondamental
60%
X 6 X
60%
Centre ville 3 Centre ville
57%
L'Embellie 12 L'Embellie
57%
Liberté chérie 11 Liberté chérie
57%
Les Feux d'artifice 10 J'ai le droit aussi
55%
Calogero 5 Prendre racine
55%
Au milieu des autres 8 Au milieu des autres
52%
Les Feux d'artifice 7 Avant toi
50%
Les Feux d'artifice 13 Jimmy
50%
Les Feux d'artifice 1 Fidèle
40%
L'Embellie 8 Nathan
40%
Calogero 3 Tien An Men
40%
Calogero 2 Aussi libre que moi
38%
Les Feux d'artifice 4 Conduire en Angleterre
38%
L'Embellie 1 La fin de la fin du monde
38%
Centre ville 4 Celui d'en bas
36%
L'Embellie 3 L'Ombre et la lumière
36%
Les Feux d'artifice 11 Cristal
33%
A.M.O.U.R 3 Juste une chanson
33%
A.M.O.U.R 7 Le Hall des départs
33%
Liberté chérie 7 On se sait par cœur
33%
Centre ville 1 C'était mieux après
31%
A.M.O.U.R 2 Donne
31%
Les Feux d'artifice 9 La Boîte à musique
31%
Les Feux d'artifice 6 L'Éclipse
31%
Liberté chérie 13 Le vélo d'hiver
31%
A.M.O.U.R 11 Marie
31%
Pomme C 8 Danser encore
29%
L'Embellie 5 La Bourgeoisie des sensations
29%
Pomme C 2 Le Saut de l'ange
29%
Centre ville 10 On fait comme si
29%
X 5 Bulles de savon
26%
A.M.O.U.R 4 La nuit n'est jamais noire
26%
Centre ville 7 La Rumeur
26%
Les Feux d'artifice 3 Le Monde moderne
26%
L'Embellie 7 Passage des cyclones
26%
Centre ville 12 Stylo vert
26%
Calog3ro 8 Un jour parfait
26%
A.M.O.U.R 6 Derrière ma fenêtre
24%
Centre ville 6 Le Temps
24%
Liberté chérie 8 Premier pas sous la lune
24%
A.M.O.U.R 8 Rien comme les autres
24%
Centre ville 5 Vidéo
24%
Liberté chérie 6 À perte de vue
21%
A.M.O.U.R 9 Cache cache
21%
Liberté chérie 9 Comment font-ils ?
21%
A.M.O.U.R 5 Dénouement heureux
21%
Liberté chérie 12 Ma maison
21%
Au milieu des autres 2 Prendre l'air
21%
Pomme C 5 Drôle d'animal
19%
Les Feux d'artifice 8 Elle me manque déjà
19%
L'Embellie 6 J'attends
19%
Calog3ro 10 Safe sex
19%
Calog3ro 6 Fais comme tu veux
17%
Liberté chérie 10 Le baiser sans prénom
17%
X 4 Louise
17%
X 3 Parie qu'on s'aime encore
17%
X 1 Prends ma main
17%
A.M.O.U.R 10 Si tu passes par là
17%
Pomme C 4 Suis-je assez clair
17%
Calogero 6 À la gueule des noyés
14%
Centre ville 9 Cinq heures et quart
14%
X 7 En harmonie
14%
X 9 Le pire de nous
14%
X 10 Les Absents
14%
Pomme C 6 Me dit-elle
14%
Centre ville 11 Titanic
14%
Au milieu des autres 4 De cendres et de terre
12%
Au milieu des autres 1 Devant toi
12%
Calogero 8 Juste un peu de silence
12%
Centre ville 2 Mauvais perdant
12%
X 8 Mieux qu'ici
12%
X 2 Ne reste pas seul
12%
Centre ville 8 Peut-être
12%
L'Embellie 9 Tu es fait pour voler
12%
Pomme C 11 Hypocondriaque
10%
Calog3ro 2 Il bat
10%
Calog3ro 7 Je n'ai que nous à vivre
10%
Calogero 9 Je vis où tu m'as laissé
10%
Calog3ro 12 La Bienvenue
10%
Calogero 11 Le plus beau jour
10%
Pomme C 9 Mélodies en sous-sol
10%
Calogero 10 Partir ou rester
10%
Calog3ro 11 Rare
10%
Pomme C 3 Game over
7%
L'Embellie 11 Il conte
7%
L'Embellie 4 Je me suis trompé
7%
Au milieu des autres 10 Le Secret
7%
Calog3ro 9 Les Hommes endormis
7%
Calogero 4 Prouver l'amour
7%
Calog3ro 5 Qui parlait
7%
Pomme C 7 Sans l'amour
7%
Au milieu des autres 6 Sombre et sentimental
7%
L'Embellie 10 Tu n'as qu'à m'attraper
7%
Calogero 7 Une dernière chance
7%
Au milieu des autres 5 Danser sur les braises
5%
Au milieu des autres 3 Dire
5%
Pomme C 10 Je sais
5%
Au milieu des autres 11 Je t'emmène où je t'aime
5%
Au milieu des autres 9 Pas un jour ne passe
5%
Au milieu des autres 7 Un monde en équilibre
5%
Au milieu des autres 12 Un peu de vent dans l'oubli
5%
Aucun quiz correspondant
Distribution des résultats
% des personnes avec chaque résultat
Percentile par nombre de réponses
Votre historique - résultats
Vous n’avez pas pris ce quiz depuis la dernière actualisation